| 000 | 00590nam a22001817a 4500 | ||
|---|---|---|---|
| 003 | CEME | ||
| 005 | 20210628205351.0 | ||
| 008 | 210315b xxu||||| |||| 00| 0 eng d | ||
| 020 | _a9971-50-257-7 | ||
| 040 | _c. | ||
| 082 | _a530.11 GEN'B | ||
| 100 |
_aBruzzo, U Massa, E Cianci, R _975165 |
||
| 245 | _aGeneral reativity and gravitational physics 7th italian conference on rapallo genoa sep 3-6 1986 | ||
| 260 |
_aITALY _bWORLD SEIENTIFIC _c1987 |
||
| 300 | _aXIII, 515P | ||
| 650 |
_aGENERAL RELATIVITY GRAVITATION CONGRESS FIELD THEORY CONGRESS COSMOLOGY _975166 |
||
| 942 |
_cBK _2ddc |
||
| 999 |
_c580638 _d580638 |
||